000
00251nam a22001217a 4500
082
_a
894.812.1
_b
BAL/C
245
_a
CLASSICA MUSIC
260
_a
ANNAMANADA
_b
PRANAVAM BOOKS
_c
2011
300
_a
124
520
_a
POETRY
650
_a
POETRY
942
_c
BK
999
_c
4143
_d
4143